| 000 | 00000nam##2200000za#4500 |
| 001 | 9.571445 |
| 003 | CaOODSP |
| 005 | 20240527135426 |
| 007 | cr ||||||||||| |
| 008 | 150406|2000||||xxc|||||o f|0| 0 eng|d |
| 040 | |aCaOODSP|beng |
| 043 | |an-cn--- |
| 086 | 1 |aCW69-15/4-2000E-PDF |
| 110 | 2 |aCanadian Wildlife Service. |
| 245 | 10|aSeabirds of the Russian Far East / |h[electronic resource]|cAlexander Ya. Kondratyev, Nathalia M. Litvinenko [and] Gary W. Kaiser, editors. |
| 260 | |aOttawa - Ontario : |bEnvironment Canada. |cc2000. |
| 300 | |a142p.|bfigs., graphs, maps, references, tables |
| 490 | 1 |aSpecial publication (Canadian Wildlife Service) |
| 500 | |aThe catalogue number (CW69-15/4-2000E) and ISBN (0-662-28997-8) for the print edition have been incorrectly copied in this electronic publication. |
| 590 | |a12-04-Supp|b2012-02-20 |
| 690 | 07|aAquatic birds|2gcpds |
| 690 | 07|aEcology|2gcpds |
| 690 | 07|aHabitats|2gcpds |
| 830 | #0|aSpecial publication (Canadian Wildlife Service)|w(CaOODSP)9.505181 |
| 856 | 40|ahttp://publications.gc.ca|qPDF|s6.26 MB|uhttps://publications.gc.ca/collections/Collection/CW69-15-4-2000E.pdf |